000 00687nam a2200217 a 4500
001 36305
003 BD-RjUL
005 20211209052452.0
008 190212s1959 ii 000 0 eng
035 _a(BD-RjUL)36402
040 _aDLC
_cDLC
_beng
_dBD-RjUL
041 _aeng
082 _223
_a641.095414
_bCHF 1959
100 1 _aChakravarty, Taponath
_9228121
245 1 0 _aFood and drink in ancient Bengal /
_cWith a foreword by Bidhan Chandra Roy ; by Taponath Chakravarty
260 _aCalcutta :
_bP. Chakravarty,
_c[1959]
300 _avi, 72 p. ;
_c25 cm.
650 _aDiet
_zIndia
_zBengal.
_9228124
700 _aRoy, Bidhan Chandra, foreworder
_9228128
942 _2ddc
_cRAR
999 _c36305
_d36305